| 000 | 00552nam a2200169 a 4500 | ||
|---|---|---|---|
| 001 | 000040711 | ||
| 005 | 20201002034325.0 | ||
| 008 | 130905s20uu sp a 000 0 spa d | ||
| 020 | _a8477386757 | ||
| 040 |
_aDO-SdBNP _bspa _cBNPHU |
||
| 100 | 1 |
_aCarlos Martínez Shaw _967096 |
|
| 245 | 1 | 0 |
_aEuropa y los nuevos mundos : _bsiglos XV-XVIII / _cCarlos Martínez Shaw, Marina Alfonso Mola. |
| 260 |
_aMadrid : _bSíntesis, _c[20-??]. |
||
| 300 |
_a222 p. : _bils. ; _c23 cm. |
||
| 504 | _aBibliografía : p. 215-222 | ||
| 700 | 1 |
_aAlfonso Mola, Marina _967097 |
|
| 999 |
_c40201 _d40201 |
||